000 00414nam a2200157 4500
001 113320
003 ES-MaACL
005 20230906185838.0
007 t|
008 061121s1972 sp r ||||1| spa d
100 1 _aPalacios, Amador.
_988388
245 1 0 _aRito amoroso /
_cAmador Palacios.
260 _a[Toledo?] :
_bA. Palacios,
_c[1972]
300 _a77 p. ;
_c22 cm.
852 _aES-MaACL
_jC-47490
_bR.83005
999 _c113320
_d113320